Swedish soccer players scoring during the World Cup - Statistics

General Stats
  • This quiz has been taken 210 times
  • The average score is 11 of 39
Answer Stats
Goals Year(s) Player % Correct
5 1994, 2002, 2006 Henrik Larsson
90%
1 2018 Emil Forsberg
59%
4 1990, 1994 Tomas Brolin
58%
1 1958 Gunnar Gren
54%
5 1994 Kennet Andersson
50%
3 1938 Harry Andersson
48%
2 1950 Sune Andersson
48%
2 2018 Andreas Granqvist
47%
1 1970 Ove Grahn
47%
1 2006 Freddie Ljungberg
46%
4 1994 Martin Dahlin
46%
1 1994 Roger Ljung
46%
1 2018 Ola Toivonen
40%
1 2002 Anders Svensson
38%
1 2018 Ludwig Augustinsson
33%
2 1958 Nils Liedholm
27%
1 1950 Bror Mellberg
26%
4 1958 Kurt Hamrin
23%
1 2006 Marcus Allbäck
22%
1 2002 Niclas Alexandersson
22%
4 1974 Ralf Edström
22%
4 1958 Agne Simonsson
18%
1 1958 Lennart Skoglund
17%
1 1994 Håkan Mild
16%
1 1990 Glenn Strömberg
14%
1 1990 Johnny Ekström
11%
2 1950 Hasse Jeppson
9%
2 1974 Roland Sandberg
9%
1 1978 Thomas Sjöberg
8%
1 1974 Conny Torstensson
7%
3 1950 Karl-Erik Palmér
7%
3 1934, 1938 Sven Jonasson
7%
3 1950 Stig Sundqvist
6%
1 1970 Tom Turesson
6%
3 1938 Arne Nyberg
5%
1 1934 Gösta Dunker
5%
3 1938 Gustav Wetterström
5%
1 1934 Knut Kroon
5%
1 1938 Tore Keller
5%
No matching quizzes found
Score Distribution
Percent of People with Each Score
Percentile by Number Answered
Your Score History
You have not taken this quiz